Mistrzowie tenisa mężczyzn - Statystyki

Ogólne statystyki
  • Ten quiz został rozwiązany 1 542 razy
  • Średni wynik to 12 z 58
Statystyki odpowiedzi
# Odpowiedź % Poprawnych
24 Novak Djokovic
96%
22 Rafael Nadal
95%
20 Roger Federer
92%
6 Carlos Alcaraz
82%
4 Jannik Sinner
75%
3 Andy Murray
58%
8 Andre Agassi
48%
3 Stanislas Wawrinka
45%
14 Pete Sampras
36%
1 Daniił Miedwiediew
30%
11 Bjorn Borg
29%
6 Boris Becker
26%
1 Dominic Thiem
24%
1 Juan Martin del Potro
24%
7 John McEnroe
22%
1 Andy Roddick
21%
2 Lleyton Hewitt
21%
1 Marin Cilic
20%
8 Ivan Lendl
18%
2 Marat Safin
18%
5 Rod Laver
18%
7 Mats Wilander
15%
1 Juan Carlos Ferrero
14%
1 Goran Ivanisevic
13%
3 Gustavo Kuerten
12%
8 Jimmy Connors
12%
6 Stefan Edberg
11%
4 Jim Courier
10%
1 Michael Chang
10%
2 Patrick Rafter
10%
3 Arthur Ashe
9%
1 Carlos Moya
9%
2 Ilie Nastase
8%
2 Jewgienij Kafielnikow
8%
2 Stan Smith
8%
1 Gaston Gaudio
7%
1 Petr Korda
7%
1 Thomas Muster
7%
1 Yannick Noah
7%
1 Albert Costa
6%
4 Guillermo Vilas
6%
5 John Newcombe
6%
1 Michael Stich
6%
1 Richard Krajicek
6%
2 Sergi Bruguera
6%
1 Thomas Johansson
6%
1 Andres Gomez
5%
3 Jan Kodes
5%
2 Johan Kriek
5%
4 Ken Rosewall
5%
1 Manuel Orantes
5%
1 Pat Cash
5%
1 Adriano Panatta
4%
1 Andres Gimeno
4%
1 Brian Teacher
4%
1 Mark Edmondson
4%
1 Roscoe Tanner
4%
1 Vitas Gerulaitis
4%
Nie znaleziono quizów pasujących do podanych kryteriów
Rozkład punktacji
Procent ludzi z każdym wynikiem
Percentyl według liczby udzielonych odpowiedzi
Twoja historia wyników
Nie rozwiązałeś tego quizu